000 00429nam a22001217a 4500
082 _a158
_bJEE/C
100 _aJEESAN, CATHLINR MARIE
245 _aCTRL+ALT+CREATE: HOW I DISCOVERED THE POWER TO BUILT MY OWN WORLD
246 _aCTRL+ALT+CREATE: HOW I DISCOVERED THE POWER TO BUILT MY OWN WORLD
_bCTRL+ALT+CREATE: HOW I DISCOVERED THE POWER TO BUILT MY OWN WORLD
260 _aJAIPUR
_bPAPER TOWN
_c2025
300 _a79
942 _cBK
999 _c9201
_d9201